<?xml version="1.0" encoding="UTF-8"?>
<collection xmlns="http://www.loc.gov/MARC21/slim">
 <record>
  <leader>02283nam a2200241Ia 4500</leader>
  <controlfield tag="001">CTU_203875</controlfield>
  <controlfield tag="008">210402s9999    xx            000 0 und d</controlfield>
  <datafield tag="020" ind1=" " ind2=" ">
   <subfield code="c">325000</subfield>
  </datafield>
  <datafield tag="082" ind1=" " ind2=" ">
   <subfield code="a">344.59702</subfield>
  </datafield>
  <datafield tag="082" ind1=" " ind2=" ">
   <subfield code="b">V308</subfield>
  </datafield>
  <datafield tag="110" ind1=" " ind2=" ">
   <subfield code="a">Việt Nam (Cộng hoà xã hội chủ nghĩa)</subfield>
  </datafield>
  <datafield tag="110" ind1=" " ind2=" ">
   <subfield code="b">Quốc hội</subfield>
  </datafield>
  <datafield tag="245" ind1=" " ind2="0">
   <subfield code="a">Luật bảo hiểm xã hội và hướng dẫn mới nhất về bảo hiểm thất nghiệp, chế độ chi trả bảo hiểm :</subfield>
  </datafield>
  <datafield tag="245" ind1=" " ind2="0">
   <subfield code="b">(Áp dụng từ ngày 01-01-2016)</subfield>
  </datafield>
  <datafield tag="245" ind1=" " ind2="0">
   <subfield code="c">Việt Nam (Cộng hoà xã hội chủ nghĩa). Quốc hội ; Quí Lâm, Kim Phượng (Sưu tâm và hệ thống)</subfield>
  </datafield>
  <datafield tag="260" ind1=" " ind2=" ">
   <subfield code="a">Hà Nội</subfield>
  </datafield>
  <datafield tag="260" ind1=" " ind2=" ">
   <subfield code="b">Lao động</subfield>
  </datafield>
  <datafield tag="260" ind1=" " ind2=" ">
   <subfield code="c">2015</subfield>
  </datafield>
  <datafield tag="520" ind1=" " ind2=" ">
   <subfield code="a">Nội dung cuốn sách bao gồm những phần chính sau: Phần I.Bộ Luật lao động - Luật Việc làm - Luật Công đoàn; Phần II.Hướng dẫn về việc làm và nguyên tắc thực hiện cho thuê lại lao động, việc ký quỹ; Phần III. Quản lý hợp đồng lao động và xử lý tranh chấp lao động;Phần IV. Thực hiện quy chế dân chủ tại nơi làm việc và giải quyết đình công; Phần V. Quản lý người lao động nước ngoài làm việc tại ViệtNam; Phần VI. Danh mục những công việc được sử dụng và không được sử dụng lao động nữ, lao động trẻ em; Phần VII. Hướng dẫn công tác an toàn lao động và vệ sinh sức khỏe lao động; Phần VIII.Chính sách tiền lương, tiền thưởng, phụ cấp, trợ cấp; Phần IX. Luật Bảo hiểm xã hội (áp dụng ngày 01-01-2016) - Luật sửa đổi, bổ sung một số điều của Luật Bảo hiểm y tế (có hiệu lực thi hành từ 01-01-2015) và các chính sách nổi bật khác.</subfield>
  </datafield>
  <datafield tag="650" ind1=" " ind2=" ">
   <subfield code="a">Insurance law,Luật bảo hiểm</subfield>
  </datafield>
  <datafield tag="650" ind1=" " ind2=" ">
   <subfield code="z">Vietnam,Việt Nam</subfield>
  </datafield>
  <datafield tag="904" ind1=" " ind2=" ">
   <subfield code="i">Tuyến</subfield>
  </datafield>
  <datafield tag="980" ind1=" " ind2=" ">
   <subfield code="a">Trung tâm Học liệu Trường Đại học Cần Thơ</subfield>
  </datafield>
 </record>
</collection>
